Intergovernmental fiscal relations in Central and Eastern Europe: a sourcebook and reference guide (Record no. 47213)

MARC details
000 -LEADER
fixed length control field 00960nam a2200217 a 4500
008 - FIXED-LENGTH DATA ELEMENTS--GENERAL INFORMATION
fixed length control field 060515s2005 ||||||||||||||||| || u
020 ## - INTERNATIONAL STANDARD BOOK NUMBER
International Standard Book Number 0821357050
050 ## - LIBRARY OF CONGRESS CALL NUMBER
Classification number IBRD(06)LR/2005/1
100 ## - MAIN ENTRY--PERSONAL NAME
Personal name Conway, Francis J
245 10 - TITLE STATEMENT
Title Intergovernmental fiscal relations in Central and Eastern Europe: a sourcebook and reference guide
Statement of responsibility, etc. by Francis J. Conway; [and others]
260 ## - PUBLICATION, DISTRIBUTION, ETC.
Place of publication, distribution, etc. Washington, D. C.:
Name of publisher, distributor, etc. World Bank
Date of publication, distribution, etc. 2005
300 ## - PHYSICAL DESCRIPTION
Extent v; 128p.: ill.
350 ## - PRICE (NR) (BK AM CF MU VM SE) [OBSOLETE]
Price 0.00
490 ## - SERIES STATEMENT
Series statement WBI learning resources
500 ## - GENERAL NOTE
General note CD-ROM included (instructions on page 6)
650 ## - SUBJECT ADDED ENTRY--TOPICAL TERM
Topical term or geographic name entry element GOVERNMENT
650 ## - SUBJECT ADDED ENTRY--TOPICAL TERM
Topical term or geographic name entry element INTERGOVERNMENTAL FISCAL RELATIONS--EUROPE, CENTRAL--HANDBOOKS,MANUALS, ETC
650 ## - SUBJECT ADDED ENTRY--TOPICAL TERM
Topical term or geographic name entry element INTERGOVERNMENTAL FISCAL RELATIONS--EUROPE, EASTERN--HANDBOOKS, MANUALS, ETC
710 ## - ADDED ENTRY--CORPORATE NAME
Corporate name or jurisdiction name as entry element World Bank
995 ## - RECOMMENDATION 995 [LOCAL, UNIMARC FRANCE]
-- 0.00
-- CBU-MAIN LIBRARY (Kitwe)
-- 1
-- 0.00
-- 1
-- AVAILABLE
-- May 15, 2006
-- International Publications
Holdings
Withdrawn status Lost status Source of classification or shelving scheme Damaged status Not for loan Home library Current library Shelving location Date acquired Total Checkouts Full call number Barcode Date last seen Price effective from Koha item type
          CBU-MAIN LIBRARY, KITWE. CBU-MAIN LIBRARY, KITWE.   11/30/2022   IBRD(06)LR/2005/1 43996 11/30/2022 11/30/2022 MONOGRAPH